[Event "EU-ch Blitz"]
[Site "Katowice"]
[Date "2022.12.16"]
[Round "15"]
[White "Wilk, Krzysztof"]
[Black "Stefanova, Antoaneta"]
[Result "0-1"]
[WhiteElo "2107"]
[BlackElo "2442"]
[PlyCount "92"]
[EventDate "2022.12.16"]
[EventType "swiss (blitz)"]
[EventRounds "22"]
[EventCountry "POL"]
[SourceTitle "CBM 211 Extra"]
[Source "ChessBase"]
[SourceDate "2023.01.31"]
[SourceVersion "1"]
[SourceVersionDate "2023.01.31"]
[SourceQuality "1"]

1. b4 a5 2. b5 e5 3. e3 d5 4. d4 Nd7 5. c4 dxc4 6. Bxc4 Nb6 7. Bb3 exd4 8. exd4 Bb4+ 9. Kf1 Nf6 10. h3 0-0 11. Nf3 Bf5 12. Bg5 Qd6 13. a3 a4 14. Bc2 Bxc2 15. Qxc2 Ba5 16. g3 Nfd5 17. Kg2 h6 18. Bd2 Rfe8 19. Bxa5 Rxa5 20. Qd3 Qd7 21. Nbd2 Qxb5 22. Qxb5 Rxb5 23. Rab1 Rxb1 24. Rxb1 f6 25. Kf1 Kf7 26. Ne1 Nc3 27. Rb4 Ncd5 28. Rb2 Re6 29. Nd3 c6 30. Nc5 Re7 31. Nde4 Nc4 32. Rxb7 Rxb7 33. Nxb7 Nxa3 34. Nbc5 Nb6 35. Nc3 Nc2 36. N3xa4 Nxa4 37. Nxa4 Nxd4 38. Nc5 Ke7 39. f4 Kd6 40. Nd3 c5 41. Kf2 c4 42. Nb2 Kd5 43. Ke3 Nf5+ 44. Kf3 Kd4 45. g4 Nd6 46. h4 c3 0-1

[Event "EU-ch Blitz"]
[Site "Katowice"]
[Date "2021.12.17"]
[Round "8"]
[White "Wilk, Krzysztof"]
[Black "Balog, Imre1111"]
[Result "0-1"]
[WhiteElo "2121"]
[BlackElo "2577"]
[PlyCount "134"]
[EventDate "2021.12.17"]
[EventType "swiss (blitz)"]
[EventRounds "22"]
[EventCountry "POL"]
[SourceTitle "CBM 205 Extra"]
[Source "ChessBase"]
[SourceDate "2022.01.31"]
[SourceVersion "1"]
[SourceVersionDate "2022.01.31"]
[SourceQuality "1"]

1. a3 Nf6 2. b4 g6 3. Bb2 Bg7 4. e3 0-0 5. c4 d6 6. d4 e5 7. dxe5 Ng4 8. Nf3 Nc6 9. Qb3 Ncxe5 10. Nbd2 a5 11. h3 a4 12. Qa2 Nxf3+ 13. Nxf3 Nf6 14. Be2 Re8 15. 0-0 c6 16. Rad1 Qe7 17. Qa1 Be6 18. Nd4 Bd7 19. Bf3 Rad8 20. Rfe1 Bc8 21. Ne2 h5 22. Nc3 g5 23. Nxa4 g4 24. hxg4 hxg4 25. Be2 g3 26. Bf3 Bg4 27. Bxf6 Bxf6 28. Qa2 Bxf3 29. gxf3 gxf2+ 30. Qxf2 Bh4 31. Qg2+ Kh8 32. Qb2+ Kh7 33. Re2 Qg5+ 34. Kh1 Rxe3 35. Qc2+ Kh6 36. Rh2 Qg3 37. Qg2 Qxg2+ 38. Kxg2 Kg5 39. Rd4 Re2+ 40. Kh3 Rxh2+ 41. Kxh2 Bf2 42. Rg4+ Kf5 43. Kg2 Be3 44. Nc3 Ra8 45. Nb1 d5 46. Kf1 d4 47. Ke2 Rh8 48. Rg2 Rh1 49. Nd2 Ra1 50. Ne4 Ra2+ 51. Kf1 Rxa3 52. Rg7 f6 53. Rf7 d3 54. Kg2 d2 55. Rd7 Ra1 56. Nxd2 Ra2 57. Rxb7 Rxd2+ 58. Kf1 Kf4 59. Rf7 f5 60. Ke1 Rb2 61. Kd1 Rxb4 62. Ke2 Rxc4 63. Kd3 Rd4+ 64. Kc3 c5 65. Rc7 Kxf3 66. Kc2 c4 67. Rf7 f4 0-1

[Event "EU-ch Blitz"]
[Site "Katowice"]
[Date "2021.12.17"]
[Round "13"]
[White "Wilk, Krzysztof"]
[Black "Brodowski, Piotr"]
[Result "0-1"]
[WhiteElo "2121"]
[BlackElo "2443"]
[PlyCount "118"]
[EventDate "2021.12.17"]
[EventType "swiss (blitz)"]
[EventRounds "22"]
[EventCountry "POL"]
[SourceTitle "CBM 205 Extra"]
[Source "ChessBase"]
[SourceDate "2022.01.31"]
[SourceVersion "1"]
[SourceVersionDate "2022.01.31"]
[SourceQuality "1"]

1. a3 g6 2. b4 Bg7 3. d4 d6 4. e3 Nd7 5. Bb2 Ngf6 6. Nf3 0-0 7. Be2 b6 8. 0-0 Bb7 9. c4 Rb8 10. Nbd2 c5 11. Qc2 a6 12. d5 b5 13. bxc5 Nxc5 14. Rab1 bxc4 15. Bxf6 Bxf6 16. Bxc4 Qa5 17. Qa2 Na4 18. Ne4 Bg7 19. Qd2 Qxd2 20. Nfxd2 h6 21. Rb4 Nc3 22. Rc1 Nxe4 23. Nxe4 Ba8 24. Rcb1 Rxb4 25. Rxb4 f5 26. Ng3 Rc8 27. h3 a5 28. Rb5 Rxc4 29. Rb8+ Kf7 30. Rxa8 Ra4 31. Ne2 Rxa3 32. Nf4 Ra1+ 33. Kh2 Be5 34. g3 Bxf4 35. gxf4 a4 36. Kg2 a3 37. Ra7 a2 38. Ra8 g5 39. fxg5 hxg5 40. f4 gxf4 41. exf4 Rd1 42. Rxa2 Rxd5 43. Kf3 Rd3+ 44. Kg2 Kf6 45. Re2 Rd4 46. Kg3 Rd3+ 47. Kg2 e5 48. fxe5+ dxe5 49. h4 f4 50. Ra2 Kf5 51. Ra8 Rd2+ 52. Kh3 Rd1 53. Rf8+ Ke4 54. h5 Rh1+ 55. Kg4 Rg1+ 56. Kh4 f3 57. h6 Ke3 58. Kh5 f2 59. h7 f1Q 0-1

[Event "EU-ch rapid"]
[Site "Katowice"]
[Date "2017.12.16"]
[Round "3"]
[White "Wilk, Krzysztof"]
[Black "Pena Gomez, Manuel"]
[Result "1-0"]
[WhiteElo "2125"]
[BlackElo "2491"]
[PlyCount "109"]
[EventDate "2017.12.16"]
[EventType "swiss (rapid)"]
[EventRounds "11"]
[EventCountry "POL"]
[SourceTitle "CBM 182 Extra"]
[Source "ChessBase"]
[SourceDate "2018.02.23"]
[SourceVersion "1"]
[SourceVersionDate "2018.02.23"]
[SourceQuality "1"]

1. b4 a5 2. b5 a4 3. e3 Nf6 4. c4 e6 5. Nc3 a3 6. Nf3 d5 7. d4 b6 8. cxd5 Nxd5 9. Bd2 Bb7 10. Qb3 Be7 11. Bc4 0-0 12. Nxd5 exd5 13. Bd3 c5 14. bxc6 Nxc6 15. Rb1 Ba6 16. Bxa6 Rxa6 17. Qb5 Nb8 18. Ne5 Qd6 19. Bb4 Qe6 20. Bxe7 Qxe7 21. Qxd5 Rc8 22. 0-0 Ra5 23. Qb3 Nd7 24. Rfc1 Raa8 25. Rxc8+ Rxc8 26. Nxd7 Qxd7 27. Qxa3 Qd5 28. h3 Ra8 29. Qb3 Qxb3 30. Rxb3 Rxa2 31. Rxb6 h5 32. g3 g6 33. Kg2 Kf8 34. g4 h4 35. g5 Ke7 36. Kf3 Kf8 37. Rf6 Ra1 38. Rf4 Ra5 39. Kg4 Ke8 40. Kxh4 f5 41. e4 Ke7 42. exf5 gxf5 43. Kh5 Kf7 44. Kh6 Ra6+ 45. Kh7 Ra5 46. h4 Rd5 47. h5 Ra5 48. d5 Rxd5 49. Ra4 Rd7 50. Ra6 f4 51. Rf6+ Ke8+ 52. Kg6 Rd4 53. h6 f3 54. h7 Rh4 55. Kg7 1-0

[Event "EU-ch blitz"]
[Site "Katowice"]
[Date "2017.12.15"]
[Round "10"]
[White "Polzin, Rainer"]
[Black "Wilk, Krzysztof"]
[Result "0-1"]
[WhiteElo "2404"]
[BlackElo "2125"]
[PlyCount "111"]
[EventDate "2017.12.15"]
[EventType "swiss (blitz)"]
[EventRounds "22"]
[EventCountry "POL"]
[SourceTitle "CBM 182 Extra"]
[Source "ChessBase"]
[SourceDate "2018.02.23"]
[SourceVersion "1"]
[SourceVersionDate "2018.02.23"]
[SourceQuality "1"]

1. e4 c6 2. d4 d5 3. e5 Bf5 4. h4 h5 5. Bd3 Bxd3 6. Qxd3 e6 7. Bg5 Be7 8. Nf3 Qa5+ 9. Nbd2 Qa6 10. c4 Nd7 11. 0-0 Bxg5 12. hxg5 Ne7 13. Nh4 g6 14. b3 0-0 15. Rfe1 Rad8 16. Qf3 dxc4 17. Nxc4 Nb6 18. Nd6 Nbc8 19. Nxc8 Rxc8 20. Qe4 Rfd8 21. Red1 Rd5 22. a4 Rcd8 23. Rac1 Qb6 24. Qc2 Rxd4 25. Rxd4 Qxd4 26. Nf3 Qd3 27. Qc5 Nf5 28. b4 a6 29. Qb6 Rd7 30. Qc5 Nd4 31. Nxd4 Qxd4 32. g3 Qxc5 33. bxc5 Rd5 34. f4 Rd4 35. Rb1 Rxa4 36. Rxb7 Rc4 37. Rb6 Rxc5 38. Rxa6 Rc3 39. Kg2 Kf8 40. Ra8+ Ke7 41. Ra7+ Ke8 42. Ra8+ Kd7 43. Ra7+ Kd8 44. Rxf7 c5 45. Rf6 Kd7 46. Rxg6 c4 47. Kf2 Rd3 48. Ke2 Rd4 49. Rg7+ Kd8 50. Ra7 h4 51. gxh4 Rxf4 52. g6 Rg4 53. h5 Rg5 54. h6 Rxg6 55. h7 Rh6 56. h8Q+ 0-1

[Event "EU-ch blitz"]
[Site "Katowice"]
[Date "2017.12.15"]
[Round "17"]
[White "Wilk, Krzysztof"]
[Black "Piesik, Piotr"]
[Result "0-1"]
[WhiteElo "2125"]
[BlackElo "2374"]
[PlyCount "80"]
[EventDate "2017.12.15"]
[EventType "swiss (blitz)"]
[EventRounds "22"]
[EventCountry "POL"]
[SourceTitle "CBM 182 Extra"]
[Source "ChessBase"]
[SourceDate "2018.02.23"]
[SourceVersion "1"]
[SourceVersionDate "2018.02.23"]
[SourceQuality "1"]

1. b4 e5 2. a3 d5 3. Bb2 Bd6 4. e3 Nf6 5. d4 Qe7 6. Nf3 Nbd7 7. dxe5 Nxe5 8. Nbd2 0-0 9. Be2 c6 10. 0-0 a5 11. b5 a4 12. c4 Bf5 13. bxc6 bxc6 14. Nd4 Bd7 15. cxd5 cxd5 16. N2f3 Rab8 17. Ra2 Ne4 18. Nxe5 Bxe5 19. Ba1 Rfd8 20. Bf3 Rb6 21. Bxe4 dxe4 22. g3 Rh6 23. f4 exf3 24. Qxf3 Rf6 25. Qg2 Rxf1+ 26. Qxf1 Bf6 27. Qf3 Re8 28. Kf2 Bg5 29. e4 Qxe4 30. Qxe4 Rxe4 31. Nf3 Be7 32. Rd2 Be6 33. Bb2 h6 34. Rd4 Bc5 35. Kg2 Bxd4 36. Bxd4 Re2+ 37. Kf1 Ra2 38. Bc5 Bc4+ 39. Kg1 Bd5 40. Nh4 Be4 0-1

[Event "EU-ch blitz"]
[Site "Katowice"]
[Date "2017.12.15"]
[Round "5"]
[White "Wilk, Krzysztof"]
[Black "Shkapenko, Pavel"]
[Result "1/2-1/2"]
[WhiteElo "2125"]
[BlackElo "2431"]
[PlyCount "61"]
[EventDate "2017.12.15"]
[EventType "swiss (blitz)"]
[EventRounds "22"]
[EventCountry "POL"]
[SourceTitle "CBM 182 Extra"]
[Source "ChessBase"]
[SourceDate "2018.02.23"]
[SourceVersion "1"]
[SourceVersionDate "2018.02.23"]
[SourceQuality "1"]

1. a3 e6 2. b4 Nf6 3. Bb2 a5 4. b5 c5 5. bxc6 Nxc6 6. e3 Be7 7. Nf3 0-0 8. c4 d5 9. cxd5 Nxd5 10. Nc3 Bf6 11. Qc2 Nxc3 12. Bxc3 Bd7 13. Be2 Rc8 14. Bxf6 Qxf6 15. Qb1 Ne5 16. d4 Nxf3+ 17. Bxf3 Bc6 18. Bxc6 bxc6 19. 0-0 c5 20. dxc5 Rxc5 21. Ra2 Rfc8 22. h3 g6 23. Rd1 h5 24. Rad2 Kg7 25. Qb6 Rg5 26. Qb7 Rc3 27. Rd7 Rc2 28. Rxf7+ Qxf7 29. Rd7 Rxf2 30. Rxf7+ Rxf7 31. Qc6 1/2-1/2

[Event "EU-chT Railways USIC"]
[Site "Dresden"]
[Date "2000.06.21"]
[Round "2.5"]
[White "Honos, Attila"]
[Black "Wilk, Krzysztof"]
[Result "0-1"]
[WhiteElo "2287"]
[BlackElo "2061"]
[PlyCount "102"]
[EventDate "2000.06.19"]
[EventType "team-swiss"]
[EventRounds "7"]
[EventCountry "GER"]
[SourceTitle "EXT 2002"]
[Source "ChessBase"]
[SourceDate "2001.11.25"]
[SourceVersion "1"]
[SourceVersionDate "2001.11.25"]
[SourceQuality "1"]
[WhiteTeam "Hungary (USIC)"]
[BlackTeam "Poland (USIC)"]
[WhiteTeamCountry "HUN"]
[BlackTeamCountry "POL"]

1. e4 c6 2. d4 d5 3. e5 Bf5 4. Ne2 e6 5. Ng3 Bg6 6. h4 h6 7. h5 Bh7 8. Bd3 Bxd3 9. cxd3 Qb6 10. Qg4 Nd7 11. 0-0 c5 12. dxc5 Nxc5 13. d4 Nd3 14. Nc3 Ne7 15. Rb1 f5 16. exf6 gxf6 17. Qf3 Nxc1 18. Qxf6 Rg8 19. Rbxc1 Bg7 20. Qh4 Bxd4 21. Nce2 Be5 22. Kh1 Rc8 23. Rxc8+ Nxc8 24. f4 Bh8 25. f5 e5 26. f6 Rf8 27. Qh3 Kd8 28. Rc1 Nd6 29. Qe6 Re8 30. Qxd5 Bxf6 31. Ne4 Ke7 32. Nc5 Nf7 33. Ng3 Rd8 34. Nf5+ Ke8 35. Qc4 Qc6 36. b4 b5 37. Qe4 Qxe4 38. Nxe4 Be7 39. a3 Ng5 40. Rc7 Nxe4 41. Rxe7+ Kf8 42. Rxa7 Nf2+ 43. Kg1 Ng4 44. g3 e4 45. Rg7 Rd1+ 46. Kg2 Ne3+ 47. Nxe3 Rd2+ 48. Kh3 Kxg7 49. Kg4 Rf2 50. Kh3 Rf3 51. Ng4 Rxa3 0-1

[Event "POL-chT Region"]
[Site "Poland"]
[Date "1999.??.??"]
[Round "?"]
[White "Milanowski, Jan"]
[Black "Wilk, Krzysztof"]
[Result "1/2-1/2"]
[WhiteElo "2094"]
[BlackElo "2081"]
[PlyCount "72"]
[EventDate "1999.??.??"]
[EventType "team"]
[EventRounds "13"]
[EventCountry "POL"]
[SourceTitle "EXT 2002"]
[Source "ChessBase"]
[SourceDate "2001.11.25"]
[SourceVersion "1"]
[SourceVersionDate "2001.11.25"]
[SourceQuality "1"]

1. d4 d5 2. Nf3 c6 3. c3 Bf5 4. Bf4 e6 5. Nbd2 Nd7 6. h3 h6 7. e3 Ngf6 8. Be2 Ne4 9. Nxe4 Bxe4 10. 0-0 Be7 11. Bd3 Nf6 12. Bxe4 Nxe4 13. Ne5 0-0 14. f3 Nd6 15. Qd3 Qe8 16. b3 g5 17. Bh2 Kg7 18. c4 f6 19. Ng4 Qg6 20. Qxg6+ Kxg6 21. c5 Nf5 22. Rfe1 b6 23. b4 Bd8 24. Rac1 b5 25. a4 a6 26. Rcd1 h5 27. Nf2 Rf7 28. e4 Ng7 29. a5 Bc7 30. g4 Bxh2+ 31. Kxh2 h4 32. exd5 exd5 33. Nd3 Rff8 34. Re7 Rfe8 35. Rde1 Rxe7 36. Rxe7 Re8 1/2-1/2

[Event "POL-chT2 U18"]
[Site "Augustow"]
[Date "1996.??.??"]
[Round "?"]
[White "Grycel, Kamil"]
[Black "Wilk, Krzysztof"]
[Result "1/2-1/2"]
[WhiteElo "2000"]
[BlackElo "1980"]
[PlyCount "119"]
[EventDate "1996.??.??"]
[EventType "team"]
[EventRounds "10"]
[EventCountry "POL"]
[SourceTitle "EXT 2003"]
[Source "ChessBase"]
[SourceDate "2002.11.25"]
[SourceVersion "1"]
[SourceVersionDate "2002.11.25"]
[SourceQuality "1"]

1. d4 d5 2. c4 Nc6 3. e3 Nf6 4. Nc3 e6 5. Nf3 Bd6 6. Be2 0-0 7. 0-0 dxc4 8. Bxc4 e5 9. d5 Na5 10. Bd3 c6 11. e4 h6 12. a3 cxd5 13. exd5 b6 14. h3 Nb7 15. b4 a6 16. Qb3 Re8 17. Re1 Nh5 18. Qc2 Bd7 19. Be3 b5 20. Rac1 Rc8 21. Qb1 Nf6 22. Nd2 Bc7 23. Nb3 Bb6 24. Qb2 Bxe3 25. Rxe3 Rxc3 26. Rxc3 Nxd5 27. Be4 Nxe3 28. Rxe3 Nd6 29. Bd3 e4 30. Bf1 Nf5 31. Re1 e3 32. fxe3 Rxe3 33. Rxe3 Nxe3 34. Nc5 Nxf1 35. Kxf1 Bc8 36. Kg1 a5 37. Qc3 axb4 38. axb4 Qe8 39. Qd4 Be6 40. Nxe6 fxe6 41. Qe5 Qd7 42. Qf4 Qd5 43. Qb8+ Kh7 44. Qf4 Qf5 45. Qd4 Kg6 46. Qe3 h5 47. Qg3+ Kh7 48. Qc3 Qe4 49. Qc5 Qf5 50. Qc3 g6 51. Qd4 Qd5 52. Qa7+ Kh6 53. Qe7 Qd4+ 54. Kh2 Qf4+ 55. Kh1 e5 56. Qc5 e4 57. Qd4 Qf1+ 58. Kh2 Qd3 59. Qh8+ Kg5 60. Qe5+ 1/2-1/2

[Event "POL-chT2 U18"]
[Site "Augustow"]
[Date "1996.??.??"]
[Round "?"]
[White "Paterek, Arkadiusz"]
[Black "Wilk, Krzysztof"]
[Result "1/2-1/2"]
[WhiteElo "1975"]
[BlackElo "1980"]
[PlyCount "97"]
[EventDate "1996.??.??"]
[EventType "team"]
[EventRounds "10"]
[EventCountry "POL"]
[SourceTitle "EXT 2003"]
[Source "ChessBase"]
[SourceDate "2002.11.25"]
[SourceVersion "1"]
[SourceVersionDate "2002.11.25"]
[SourceQuality "1"]

1. d4 d5 2. Nf3 Nc6 3. Bf4 Nf6 4. e3 Bf5 5. Be2 e6 6. 0-0 h6 7. a3 a6 8. c4 Be7 9. Nbd2 0-0 10. b4 dxc4 11. Bxc4 Bd6 12. Bg3 Bg4 13. Qe2 Qe7 14. Ne5 Bxe5 15. Bxe5 Rad8 16. Bxf6 Qxf6 17. Ne4 Qg6 18. Bd3 Bf5 19. Nc5 Bxd3 20. Qxd3 Qxd3 21. Nxd3 a5 22. b5 Ne7 23. Rfc1 Rc8 24. g3 Nd5 25. Rc2 Rfe8 26. Rac1 Re7 27. Nc5 Rb8 28. e4 Nf6 29. f3 Ne8 30. Nb3 b6 31. a4 Rd8 32. f4 f5 33. e5 Red7 34. Rc4 Kf7 35. Rd1 g5 36. Na1 Ke7 37. Nc2 Ng7 38. Kf2 Re8 39. Ne3 Kd8 40. d5 Kc8 41. Rdc1 Ree7 42. Rc6 gxf4 43. gxf4 exd5 44. Rxb6 d4 45. Ng2 d3 46. Rxh6 d2 47. Rd1 Rd4 48. Ke3 Re4+ 49. Kf2 1/2-1/2